000
00312nam a2200145Ia 4500
100
_a
Ze-nian/Li/ Drew/mark S
942
_c
BK
654
_a
multimedia
245
_a
Fundamentals of Multimedia
260
_b
Pearson Education
_c
2004
082
_a
4.65
_b
LI
300
_a
560
546
_a
ENGLISH
999
_c
26205
_d
26205